Kabale University Library Catalogue

Applied Calculus / (Record no. 5964)

MARC details
000 -LEADER
fixed length control field 00588nam a22002057a 4500
003 - CONTROL NUMBER IDENTIFIER
control field OSt
005 - DATE AND TIME OF LATEST TRANSACTION
control field 20260203122858.0
008 - FIXED-LENGTH DATA ELEMENTS--GENERAL INFORMATION
fixed length control field 260203b |||||||| |||| 00| 0 eng d
020 ## - INTERNATIONAL STANDARD BOOK NUMBER
International Standard Book Number 9781119587965
040 ## - CATALOGING SOURCE
Original cataloging agency KABLIB
Language of cataloging eng
Transcribing agency KABLIB
Description conventions rda
082 ## - DEWEY DECIMAL CLASSIFICATION NUMBER
Edition number 23
Classification number 515
Item number APP
245 ## - TITLE STATEMENT
Title Applied Calculus /
Statement of responsibility, etc. Deborah Hughes-Hallet ... [et al.]
250 ## - EDITION STATEMENT
Edition statement 6th ed.
260 ## - PUBLICATION, DISTRIBUTION, ETC.
Place of publication, distribution, etc. Hoboken:
Name of publisher, distributor, etc. Wiley & Sons Inc.,
Date of publication, distribution, etc. c2018.
300 ## - PHYSICAL DESCRIPTION
Extent xxii, 466p. :
Other physical details ill. (som. col.) ;
Dimensions 28cm.
500 ## - GENERAL NOTE
General note Includes index.
650 ## - SUBJECT ADDED ENTRY--TOPICAL TERM
Topical term or geographic name entry element Calculus
700 ## - ADDED ENTRY--PERSONAL NAME
Personal name Hughes-Hallet, Deborah
9 (RLIN) 15044
942 ## - ADDED ENTRY ELEMENTS (KOHA)
Source of classification or shelving scheme Dewey Decimal Classification
Koha item type Book
Holdings
Withdrawn status Lost status Source of classification or shelving scheme Damaged status Not for loan Home library Current library Shelving location Date acquired Source of acquisition Total Checkouts Full call number Barcode Date last seen Price effective from Koha item type
    Dewey Decimal Classification     Education Library Education Library Open Access Section 03.02.2026 Purchased   515 APP 14130 03.02.2026 03.02.2026 Book
    Dewey Decimal Classification     Education Library Education Library Open Access Section 03.02.2026 Purchased   515 APP 14131 03.02.2026 03.02.2026 Book
    Dewey Decimal Classification     Education Library Education Library Open Access Section 06.03.2026 Purchased   515 APP 14757 06.03.2026 06.03.2026 Book
    Dewey Decimal Classification     Education Library Education Library   06.03.2026     515 APP 14758 06.03.2026 06.03.2026 Book
    Dewey Decimal Classification     Education Library Education Library   06.03.2026     515 APP 14759 06.03.2026 06.03.2026 Book

Kabale University Library | Kabale University P.O Box 317, Kabale, Uganda
Tel : +256754017033, +256774661503 E-mail : library@kab.ac.ug